Imiona nadane dziewczynkom w 2000 roku - Statystyki

Ogólne statystyki
  • Ten quiz został rozwiązany 157 razy
  • Średni wynik to 62 z 100
Statystyki odpowiedzi
Hint Odpowiedź % Poprawnych
A Anna
94%
N Natalia
94%
J Julia
93%
V Victoria
89%
W Wiktoria
89%
P Paulina
87%
W Weronika
87%
M Magda
86%
K Karolina
85%
K Katarzyna
85%
P Patrycja
85%
A Aleksandra
84%
B Barbara
83%
O Oliwia
83%
Z Zuzanna
82%
H Hanna
80%
M Maria
80%
L Lena
79%
J Joanna
78%
M Magdalena
78%
M Martyna
78%
A Agnieszka
77%
Z Zofia
77%
D Daria
76%
E Emilia
75%
E Ewa
75%
E Ewelina
74%
K Kamila
74%
U Urszula
74%
D Dominika
73%
M Monika
73%
A Alicja
71%
Ł Łucja
71%
I Izabella
69%
M Maja
69%
M Małgorzata
69%
J Justyna
68%
K Kinga
68%
M Milena
68%
N Nicola
68%
N Nikola
68%
A Agata
67%
I Izabela
67%
K Klaudia
67%
M Marta
67%
A Aneta
66%
E Elżbieta
66%
K Kornelia
66%
G Gabriela
65%
I Iga
65%
O Olga
64%
I Iwona
63%
L Laura
63%
S Sylwia
63%
A Adriana
62%
A Adrianna
62%
S Sandra
62%
R Renata
61%
D Dorota
60%
J Jagoda
60%
N Nadia
60%
A Andżelika
57%
A Angelika
57%
J Jolanta
57%
A Anita
56%
B Beata
55%
N Nina
55%
S Sara
54%
M Marcelina
52%
M Marianna
52%
M Michalina
52%
Ż Żaneta
52%
I Ilona
51%
M Marzena
51%
M Marlena
49%
A Ada
48%
P Paula
48%
E Edyta
46%
J Julita
46%
M Malwina
45%
S Sabina
45%
E Eliza
44%
K Kaja
44%
D Dagmara
43%
M Matylda
42%
R Roksana
42%
L Lidia
41%
J Jowita
38%
S Sonia
37%
W Wioleta
37%
W Wioletta
37%
D Diana
36%
M Marika
35%
M Mariola
35%
K Karina
34%
F Faustyna
29%
L Luiza
29%
A Amanda
28%
N Nicole
27%
J Jessica
26%
Nie znaleziono quizów pasujących do podanych kryteriów
Rozkład punktacji
Procent ludzi z każdym wynikiem
Percentyl według liczby udzielonych odpowiedzi
Twoja historia wyników
Nie rozwiązałeś tego quizu